Benjamin Franklin´s (Record no. 3950)
[ view plain ]
| 000 -CABECERA | |
|---|---|
| campo de control de longitud fija | 00605nam a2200205 a 4500 |
| 001 - NÚMERO DE CONTROL | |
| campo de control | BRCA_4239 |
| 005 - FECHA Y HORA DE LA ÚLTIMA TRANSACCIÓN | |
| campo de control | 20190320204610.0 |
| 008 - DATOS DE LONGITUD FIJA--INFORMACIÓN GENERAL | |
| campo de control de longitud fija | 110610s1945----nyu#######---#000-0#eng-# |
| 041 ## - CÓDIGO DE LENGUA | |
| Código de lengua del texto/banda sonora o título independiente | eng |
| 044 ## - CÓDIGO DEL PAÍS DE LA ENTIDAD EDITORA/PRODUCTORA | |
| Código MARC del país | nyu |
| 050 #4 - SIGNATURA TOPOGRÁFICA DE LA BIBLIOTECA DEL CONGRESO | |
| Número de clasificación | E302 |
| Número de documento/Ítem | .B46 1945 |
| 245 10 - MENCIÓN DE TÍTULO | |
| Título | Benjamin Franklin´s |
| Resto del título | Autobiographical Writings |
| Mención de responsabilidad, etc. | Benjamin Franklin´s ; ed. Carl van Doren. |
| 260 ## - PUBLICACIÓN, DISTRIBUCIÓN, ETC. | |
| Lugar de publicación, distribución, etc. | Nueva York |
| Nombre del editor, distribuidor, etc. | The Viking |
| Fecha de publicación, distribución, etc. | 1945 |
| 300 ## - DESCRIPCIÓN FÍSICA | |
| Extensión | 810 p. |
| Dimensiones | 22 cm. |
| 500 ## - NOTA GENERAL | |
| Nota general | AM51 |
| 600 14 - PUNTO DE ACCESO ADICIONAL DE MATERIA--NOMBRE DE PERSONA | |
| Nombre de persona | Franklin, Benjamin |
| Fechas asociadas al nombre | 1706-1790 |
| Subdivisión de forma | Biografía |
| Subdivisión geográfica | Estados Unidos |
| 9 (RLIN) | 10925 |
| 700 1# - PUNTO DE ACCESO ADICIONAL--NOMBRE DE PERSONA | |
| Nombre de persona | Doren, Carl van |
| Término indicativo de función/relación | Editor |
| 9 (RLIN) | 10926 |
| 902 ## - CATALOGADOR | |
| Iniciales | GFM |
| 942 ## - ELEMENTOS DE PUNTO DE ACCESO ADICIONAL (KOHA) | |
| Fuente del sistema de clasificación o colocación | Library of Congress Classification |
| Tipo de ítem Koha | Libros |
| Estado de retiro | Estado de pérdida | Estado dañado | No para préstamo | Localización permanente | Ubicación/localización actual | Fecha de adquisición | Número de inventario | Total de préstamos | Signatura topográfica completa | Código de barras | Fecha visto por última vez | Precio válido a partir de | Tipo de ítem Koha |
|---|---|---|---|---|---|---|---|---|---|---|---|---|---|
| El ejemplar forma parte de la colección y puede ser consultado según las políticas vigentes. | Biblioteca del Museo Franz Mayer (Rogerio Casas-Alatriste) | Biblioteca del Museo Franz Mayer (Rogerio Casas-Alatriste) | 11/06/2010 | AM51 | E302 .B46 1945 (AM51) | 4236 | 22/03/2019 | 22/03/2019 | Libros |